| 000 | 01701cam a22004574i 4500 | ||
|---|---|---|---|
| 003 | PE-LiUPU | ||
| 005 | 20250731173442.0 | ||
| 008 | 150616s r 000 0 d | ||
| 035 | _a(Sirsi) a5759 | ||
| 040 |
_aPE-LiUPU _bspa _cPE-LiUPU _erda |
||
| 049 | _aPRUA | ||
| 082 | 0 | 4 |
_a200.2393 _bL78 _221 |
| 100 | 1 |
_aLoisy, Alfred, _eautor. |
|
| 245 | 1 | 4 |
_aLos Misterios Paganos y el Misterio Cristiano / _cAlfred Loisy. |
| 264 | 1 |
_aBuenos Aires : _bEditorial Paidós, _c1967. |
|
| 300 |
_a252 páginas ; _c23 cm. |
||
| 336 |
_atext _2rdacontent |
||
| 337 |
_aunmediated _2rdamedia |
||
| 338 |
_avolume _2rdacarrier |
||
| 505 | 0 | _aReligiones nacionales y cultos de Misterios.- Diónisos y Orfeo.- Los Misterios de Eleusis.- Cibeles y Atis.- Isis y osiris.- Mitra.- El Evangelio de Jesús y el Cristo resucitado.- El Evangelio de Pablo.- La Iniciación Cristiana.- La Conversión de Pablo y el nacimiento del Cristianismo. | |
| 526 | _aSEG42 | ||
| 526 | _aSEG41 | ||
| 526 | _aSEG40 | ||
| 526 | _aSEG39 | ||
| 526 | _aP94 | ||
| 526 | _aP87 | ||
| 526 | _aP86 | ||
| 526 | _aP85 | ||
| 526 | _aP77 | ||
| 526 | _aP76 | ||
| 526 | _aP35 | ||
| 650 | 0 | 4 | _aReligiones. |
| 650 | 0 | 4 | _aCristianismo. |
| 910 |
_ajck _bjvq _cjck |
||
| 942 |
_2ddc _cBOOK |
||
| 949 |
_a200.2393 L78 _wDEWEY _c1 _i39294 _lCCODEBUL1 _mBUL _p00.00 _r0 _sY _tBOOK _u19951010 _xTEOLOGIA _zUNKNOWN _0COMPRA _o.STAFF. Colección General |
||
| 994 |
_aC0 _bPEPRU |
||
| 596 | _a1 | ||
| 999 |
_a200.2393 L78 _wDEWEY _c56821 _i39294 _d56821 _f2021-11-9 _g5 _lCCODEBUL1 _mBUL _q1 _r0 _sY _tBOOK _u2015-6-16 _xTEOLOGIA _zUNKNOWN _0COMPRA _o.STAFF. Colección General |
||
| 980 |
_81 _gALBERTO SANCHEZ Responsable de Automatización |
||